000 00298 a2200145 4500
001 172046
020 _a
040 _cMagnum
100 _aPaoliello, Lindolfo
240 1 0 _aNosso alegre gurufim
_lpor
245 1 0 _aNosso alegre gurufim
362 0 _a1899
697 _aJ/CRONICA
942 _cBK
999 _c172046
_d172046